000 00362nam a2200145Ia 4500
008 230711s9999||||xx |||||||||||||| ||und||
041 _aENG
082 _a621
_bHI-M
100 _aHiggins,Lindley R
245 0 _aMaintainance engineering handbook
250 _a2nd Ed.
260 _c1988
_aNew York
_bMcGraw Hill
650 _aMechanical Engineering
942 _cBK
999 _c2638
_d2638